NBA Players Unscramble - Statistics

General Stats
  • This quiz has been taken 960 times
  • The average score is 11 of 18
Answer Stats
Hint Player % Correct
LKAY HPOTSONM Klay Thompson
98%
JONH ALLW John Wall
89%
VTROER IZAAR Trevor Ariza
89%
WDYNEA EDWA Dwyane Wade
75%
MARED ADROZEN DeMar DeRozan
73%
FUSJU NURCIK Jusuf Nurkic
73%
RLBAYED BAEL Bradley Beal
68%
NVKIE OVEL Kevin Love
67%
LYEK RYLWO Kyle Lowry
64%
KCNI YGUNO Nick Young
60%
MNAI HSUERTMP Iman Shumpert
52%
JORNA OONDR Rajon Rondo
51%
RSOBI WAID Boris Diaw
46%
VKNEI TDRUNA Kevin Durant
46%
AMTT BSNERA Matt Barnes
43%
AYDRN YOEF Randy Foye
37%
EOMR KAIS Omer Asik
30%
FEYITM GVOMZO Timofey Mozgov
29%
No matching quizzes found
Score Distribution
Percent of People with Each Score
Percentile by Number Answered
Your Score History
You have not taken this quiz